| 000 | 01459nam0a22002771 4500 | ||
|---|---|---|---|
| 001 | rc\4068265 | ||
| 005 | 20260407115723.0 | ||
| 021 |
_aRU _b[43-13016] |
||
| 035 | _a(NLR Aleph) 008117841 | ||
| 090 |
_a9345438 _c9345438 |
||
| 100 | _a20130415d1948 |||y0rusy50 ca | ||
| 101 | 0 | _arus | |
| 102 | _aRU | ||
| 105 | _aa z ||||| | ||
| 200 | 1 |
_aБетонные работы _eУпр. рабочих кадров, труда и зарплаты М-ва жил.-гражданского строительства РСФСР допущ. в качестве учеб. пособия для подготовки рабочих-бетонщиков _fМ-во жил.-гражданского строительства РСФСР |
|
| 210 |
_aМосква _aЛенинград _cизд-во и тип. изд-ва М-ва коммун. хозяйства РСФСР в Перове _d1948 |
||
| 215 |
_a47 с. _cил. _d20 |
||
| 300 | _aНа обороте тит. л. сост.: канд. техн. наук доц. Л.Г. Осипов | ||
| 606 |
_aБетонные работы _jУчебники и пособия _2psbo |
||
| 700 | 1 |
_aОсипов _bЛ.Г. _gЛев Георгиевич _4220 |
|
| 712 | 0 | 1 |
_aРСФСР _bМинистерство жилищно-гражданского строительства _3RU\NLR\AUTH\8810067989 _9637585 |
| 801 | 0 |
_aRU _bNLR _gpsbo |
|
| 801 | 1 |
_aRU _bELAR _2rusmarc |
|
| 852 |
_aNLR _jТ80 Г-4/926 |
||
| 942 | _cBOOK | ||
| 980 | _aNB | ||